000 00350nam a22001457a 4500
999 _c1015
_d1015
003 OSt
005 20170921092521.0
008 160627b xxu||||| |||| 00| 0 eng d
020 _a9780713640243
040 _cTEST
100 _91241
_aNewson, L
245 _aScience Mysteries Sleep
260 _aLONDON
_bA & C BLACK
_c1996
300 _aScience Mysteries Sleep
942 _2ddc
_cBK